Australia by Letter - D - Statistics

General Stats
  • This quiz has been taken 21 times
  • The average score is 6 of 10
Answer Stats
Hint Answer % Correct
Wild dog which is Australia's largest native predator on land Dingo
100%
Capital of the Northern Territory Darwin
95%
Long wooden wind instrument used by Aboriginal peoples of northern Australia Didgeridoo
90%
Outside toilet, or outhouse, emptied by the night soil truck Dunny
67%
Affectionate nickname given to Australian soldiers Digger
57%
Bread made from flour, butter, and salt, and cooked on the ashes of a campfire Damper
52%
A worldview of Aboriginal peoples; the Rainbow Serpent story is an example Dreaming
52%
The Wiggles' dinosaur character Dorothy
48%
Tasmanian port town, where the Spirit of Tasmania ferry docks Devonport
43%
City in central west New South Wales, known for the Western Plains Zoo Dubbo
43%
No matching quizzes found
Score Distribution
Percent of People with Each Score
Percentile by Number Answered
Your Score History
You have not taken this quiz